| 000 | 00899cam a22002773a 4500 | ||
|---|---|---|---|
| 001 | 15729 | ||
| 003 | PGUSA | ||
| 005 | 20140828083333.0 | ||
| 008 | 050430s2005||||xxu|||||s|||||000 | eng d | ||
| 040 |
_aPGUSA _beng |
||
| 042 | _adc | ||
| 050 | 4 | _aDS | |
| 100 | 1 |
_aDubnow, Simon, _d1860-1941 |
|
| 245 | 1 | 0 |
_aHistory of the Jews in Russia and Poland. Volume II : _bFrom the death of Alexander I. until the death of Alexander III. (1825-1894) _h[electronic resource] / _cSimon Dubnow |
| 260 |
_bProject Gutenberg, _c2005 |
||
| 506 | _aPublic domain in the USA. | ||
| 516 | _aElectronic text | ||
| 653 | _aJews -- Poland -- History | ||
| 653 | _aJews -- Russia -- History | ||
| 653 | _aRussia -- History | ||
| 653 | _aPoland -- History | ||
| 700 | 1 |
_aFriedlaender, Israel, _d1876-1920 |
|
| 830 | 0 |
_aProject Gutenberg _v15729 |
|
| 856 | 4 | 0 | _uhttp://www.gutenberg.org/ebooks/15729 |
| 942 | _cEB | ||
| 999 |
_c244984 _d244984 |
||